000 01148nac a22003737a 4500
001 BR0503288
003 BR-BrBNA
005 20240105123144.0
008 230509b bl.|||m| |||| 00| 0 por d
040 _aBR-BrBNA
_bpor
_cBiblioteca Nacional de Agricultura
072 _aF01
090 _a1930 BR0503288
100 1 _aMittelmann, A.
100 1 _aLédo, F.J. da S.
100 1 _aPoli, C.H.E.C.
100 1 _aMoraes, C.O.C.
100 1 _aNeske, M.Z.
110 1 _aEMBRAPA Gado de Leite, Juiz de Fora, MG (Brasil)
245 1 _aAvaliação de populações de azevém quanto à produção de forragem
260 3 _aJuiz de Fora, MG (Brasil):
_c2004.
300 _a12 p.
490 _aBoletim de Pesquisa e Desenvolvimento - EMBRAPA Gado de Leite (Brazil)
_vno.15
_xISSN 1806-7093
500 _a6 illus.; 12 ref.
650 _aAZEVÉM
650 _aPLANTA FORRAGEIRA
650 _aSEMENTE
650 _aFORRAGEM
650 _aMATÉRIA SECA
650 _aGENÉTICA VEGETAL
650 _aPRODUÇÃO VEGETAL
650 _aPOPULAÇÃO DE PLANTA
909 _a202312
_bLúcia Elande
_c55
_dLúcia Elande
942 _2AGRIS
_n0
_cMS
999 _c294224
_d294224